Statistiques concernant Culture Générale - Série 1247

Cliquez ici pour prendre le quiz!

Statistiques générales

  • Ce quiz a été pris 37 fois
  • Le résultat moyen est 5 sur 10

Statistiques - réponses

QuestionRéponse% Correct
Selon l'expression, quel animal peut-on voir rose lorsqu'on est en état d'ivresse ?éléphant
83%
Quel groupe de rock mythique pourrait-on appeler littéralement en français : "Les Pierres qui roulent" ?The Rolling Stones
81%
Selon l'expression, à la fraîcheur de quel poisson associe-t-on une personne-t-on en pleine forme ?gardon
81%
Selon l'expression, comme quel poisson bâille-t-on quand on ouvre largement la bouche ?carpe
72%
Comment appelle-t-on la bouche de la cheminée d'un volcan, ouverture circulaire par laquelle s'échappe la lave ?cratère
67%
Quelle est la capitale du Cap-Vert ?Praia
61%
Quel nom porte le stade où évoluent les joueurs de l'A J Auxerre ?stade de l'Abbé Deschamps
28%
Quel nom porte le stade où évoluent les joueurs de l'A S Nancy Lorraine ?stade Marcel Picot
25%
Quel nom porte le stade où évoluent les joueurs du Stade de Reims ?stade Auguste Delaune
8%
Comment appelle-t-on les habitants d'Angoulême, chef-lieu de la Charente ?Angoumoisins
8%

Distribution des résultats

Percentile par nombre de réponses

% des personnes avec chaque résultat

Votre développement - résultats

Vous n’avez pas pris ce quiz